<?xml version="1.0" encoding="UTF-8"?>
<record
    xmlns:xsi="http://www.w3.org/2001/XMLSchema-instance"
    xsi:schemaLocation="http://www.loc.gov/MARC21/slim http://www.loc.gov/standards/marcxml/schema/MARC21slim.xsd"
    xmlns="http://www.loc.gov/MARC21/slim">

  <leader>01032nam a2200181Ia 4500</leader>
  <controlfield tag="008">121028s9999    xx            000 0 und d</controlfield>
  <datafield tag="020" ind1=" " ind2=" ">
    <subfield code="a">970-686-377-X</subfield>
  </datafield>
  <datafield tag="050" ind1=" " ind2=" ">
    <subfield code="a">QC21.2 S47 2005</subfield>
  </datafield>
  <datafield tag="100" ind1=" " ind2=" ">
    <subfield code="a">SERWAY, Raymond A.</subfield>
  </datafield>
  <datafield tag="245" ind1=" " ind2=" ">
    <subfield code="a">F&#xED;sica / Raymundo A. Serway y Jerry S. Faughn ; Colaborador Clement J. Moses ; traducci&#xF3;n Jorge Humberto Romo y &#xC1;ngel Carlos Gonz&#xE1;lez</subfield>
  </datafield>
  <datafield tag="250" ind1=" " ind2=" ">
    <subfield code="a">6a ed.</subfield>
  </datafield>
  <datafield tag="260" ind1=" " ind2=" ">
    <subfield code="a">M&#xE9;xico : Thomson</subfield>
  </datafield>
  <datafield tag="300" ind1=" " ind2=" ">
    <subfield code="a">1 v. con paginaci&#xF3;n variada</subfield>
  </datafield>
  <datafield tag="500" ind1=" " ind2=" ">
    <subfield code="a">Incluye &#xED;ndices T&#xED;tulo original: College physics, 6th edition</subfield>
  </datafield>
  <datafield tag="505" ind1=" " ind2=" ">
    <subfield code="a">Pr&#xF3;logo PARTE I. M&#xC9;CANICA Cap. 1. Introducci&#xF3;n Cap. 2. Movimiento en una dimensi&#xF3;n Cap. 3. Vectores y movimiento en dos dimensiones Cap. 4. Las leyes del movimiento Cap. 5. Energ&#xED;a Cap. 6. Cantidad de movimiento lineal y colisiones Cap. 7. Movimie</subfield>
  </datafield>
  <datafield tag="650" ind1=" " ind2=" ">
    <subfield code="a">F&#xED;sica - Estudio y ense&#xF1;anza \ 2. F&#xED;sica - Libros de texto</subfield>
  </datafield>
  <datafield tag="700" ind1=" " ind2=" ">
    <subfield code="a">Faughn, Jerry S., coaut. \ II. Moses, Clement J., coaut. \ III. Romo, Jorge Humberto, tr. \ IV. Gonz&#xE1;lez, &#xC1;ngel Carlos, tr.&#xCC;</subfield>
  </datafield>
  <datafield tag="952" ind1=" " ind2=" ">
    <subfield code="0">0</subfield>
    <subfield code="1">0</subfield>
    <subfield code="4">0</subfield>
    <subfield code="7">0</subfield>
    <subfield code="a">14</subfield>
    <subfield code="b">14</subfield>
    <subfield code="d">2009-09-22</subfield>
    <subfield code="l">4</subfield>
    <subfield code="o">QC21.2 S47 2005</subfield>
    <subfield code="p">14 001416</subfield>
    <subfield code="r">2014-10-27</subfield>
    <subfield code="s">2014-10-23</subfield>
    <subfield code="t">1</subfield>
    <subfield code="w">2012-10-28</subfield>
    <subfield code="y">LB</subfield>
  </datafield>
  <datafield tag="999" ind1=" " ind2=" ">
    <subfield code="c">85170</subfield>
    <subfield code="d">85170</subfield>
  </datafield>
</record>
